Kadra Borussi Dortmund w Bundeslidze 2015/16 - Statystyki

Ogólne statystyki
  • Ten quiz został rozwiązany 32 razy
  • Średni wynik to 13 z 24
Statystyki odpowiedzi
Numer Narodowość Zawodnik % Poprawnych
26 Polska Łukasz Piszczek
97%
17 Gabon Pierre-Emerick Aubameyang
90%
10 Armenia Henrikh Mkhitaryan
83%
11 Niemcy Marco Reus
83%
23 Japonia Shinji Kagawa
83%
15 Niemcy Mats Hummels
80%
4 Serbia Neven Subotić
80%
1 Niemcy Roman Weidenfeller
80%
22 USA Christian Pulisic
70%
29 Niemcy Marcel Schmelzer
67%
18 Turcja Nuri Sahin
67%
25 Grecja Sokratis Papastathopoulos
67%
38 Szwajcaria Roman Bürki
53%
8 Niemcy Ilkay Gündogan
50%
20 Kolumbia Adrian Ramos
47%
6 Niemcy Sven Bender
43%
37 Niemcy Erik Durm
27%
30 Niemcy Felix Passlack
23%
3 Korea Południowa Ju-ho Park
23%
27 Niemcy Gonzalo Castro
13%
33 Niemcy Julian Weigl
13%
14 Niemcy Moritz Leitner
10%
28 Niemcy Matthias Ginter
3%
39 Niemcy Henrik Bonmann
0%
Nie znaleziono quizów pasujących do podanych kryteriów
Rozkład punktacji
Procent ludzi z każdym wynikiem
Percentyl według liczby udzielonych odpowiedzi
Twoja historia wyników
Nie rozwiązałeś tego quizu